Operations management: processes and supply chains (Record no. 41938)

MARC details
000 -LEADER
fixed length control field 00448nam a2200181Ia 4500
020 ## - INTERNATIONAL STANDARD BOOK NUMBER
ISBN 9781292093864
050 ## - CALL MARK
Classification number TS 155 .K73/
100 ## - STATEMENT OF RESPONSIBILITY--MAIN AUTHOR NAME
Personal name Krajewski, Lee J.
245 #0 - TITLE STATEMENT
Title Operations management: processes and supply chains
260 ## - PUBLICATION, DISTRIBUTION, ETC. (IMPRINT)
Place of publication Harlow
260 ## - PUBLICATION, DISTRIBUTION, ETC. (IMPRINT)
Name of publisher Pearson Education Limited
260 ## - PUBLICATION, DISTRIBUTION, ETC. (IMPRINT)
Year of publication 2016
300 ## - PHYSICAL DESCRIPTION
Number of Pages 663 p
650 ## - SUBJECT ADDED ENTRY--TOPICAL TERM
Topical Term Harlow
942 ## - ADDED ENTRY ELEMENTS (KOHA)
Koha item type Books

No items available.